000 00249nam a2200097Ia 4500
008 230915s9999 xx 000 0 und d
050 _aHG 3881 .M 57 2003
100 _aMISHKIN,FREDERIC S.
245 0 _aFINANCIAL MARKETS AND INSTITUTIONS
942 _cBK
999 _c86439
_d86439